Ling & Ting : (Record no. 7939)
[ view plain ]
| 000 -LEADER | |
|---|---|
| fixed length control field | 00913nam a22002897a 4500 |
| 001 - CONTROL NUMBER | |
| control field | 7939 |
| 003 - CONTROL NUMBER IDENTIFIER | |
| control field | FISKH |
| 005 - DATE AND TIME OF LATEST TRANSACTION | |
| control field | 20250814110636.0 |
| 008 - FIXED-LENGTH DATA ELEMENTS--GENERAL INFORMATION | |
| fixed length control field | 250814b cb ||||| |||| 00| 0 eng d |
| 020 ## - INTERNATIONAL STANDARD BOOK NUMBER | |
| International Standard Book Number | 9780316024532 |
| 040 ## - CATALOGING SOURCE | |
| Original cataloging agency | FISKH |
| Language of cataloging | eng |
| Transcribing agency | FISKH |
| Modifying agency | FISKH |
| 050 ## - LIBRARY OF CONGRESS CALL NUMBER | |
| Classification number | PZ7.L644 L |
| 082 ## - DEWEY DECIMAL CLASSIFICATION NUMBER | |
| Classification number | 028.5 |
| 100 ## - MAIN ENTRY--PERSONAL NAME | |
| Personal name | Lin, Grace |
| Dates associated with a name | (1974-) |
| 245 ## - TITLE STATEMENT | |
| Title | Ling & Ting : |
| Remainder of title | Not exactly the same! / |
| Statement of responsibility, etc. | By Grace Lin |
| 250 ## - EDITION STATEMENT | |
| Edition statement | This edition first published in 2011 |
| 260 ## - PUBLICATION, DISTRIBUTION, ETC. | |
| Place of publication, distribution, etc. | New York : |
| Name of publisher, distributor, etc. | LittleBrown, |
| Date of publication, distribution, etc. | 2010 |
| 300 ## - PHYSICAL DESCRIPTION | |
| Extent | 43 pages : |
| Other physical details | color illustrations ; |
| Dimensions | 23 cm |
| 505 ## - FORMATTED CONTENTS NOTE | |
| Formatted contents note | G<br/> |
| 520 ## - SUMMARY, ETC. | |
| Summary, etc. | Ling and Ting are identical twins that people think are exactly the same, but time and again they prove to be different.<br/> |
| 521 8# - TARGET AUDIENCE NOTE | |
| Target audience note | 390<br/> |
| Source | Lexile<br/> |
| 521 8# - TARGET AUDIENCE NOTE | |
| Target audience note | G<br/> |
| Source | Raz-Plus<br/> |
| 650 ## - SUBJECT ADDED ENTRY--TOPICAL TERM | |
| Source of heading or term | Differences |
| Topical term or geographic name entry element | Asian American |
| 650 ## - SUBJECT ADDED ENTRY--TOPICAL TERM | |
| Source of heading or term | Chinese Americans |
| Topical term or geographic name entry element | Dumplings |
| 942 ## - ADDED ENTRY ELEMENTS (KOHA) | |
| Source of classification or shelving scheme | Dewey Decimal Classification |
| Koha item type | Books |
| Suppress in OPAC | No |
| Withdrawn status | Lost status | Source of classification or shelving scheme | Damaged status | Not for loan | Collection | Home library | Current library | Shelving location | Date acquired | Total Checkouts | Full call number | Barcode | Date last seen | Copy number | Price effective from | Koha item type |
|---|---|---|---|---|---|---|---|---|---|---|---|---|---|---|---|---|
| Dewey Decimal Classification | Juvenile Fiction | Footprints International School Library Network Toul Tom Poung Campus | Footprints International School Library Network Toul Tom Poung Campus | TTP Primary Dark Blue Bookshelves | 08/14/2025 | LIN 028.5 PZ7.L644 L | FISTK00786 | 08/14/2025 | 1 | 08/14/2025 | Books |
